[Event "Kastoria op 1st"]
[Site "Kastoria"]
[Date "1996.07.21"]
[Round "5.16"]
[White "Maggos, Theodoros"]
[Black "Alexandridis, Vasilios"]
[Result "1-0"]
[WhiteElo "1675"]
[BlackElo "1900"]
[PlyCount "85"]
[EventDate "1996.07.17"]
[EventType "swiss"]
[EventRounds "9"]
[EventCountry "GRE"]
[SourceTitle "EXT 2024"]
[Source "ChessBase"]
[SourceDate "2023.10.10"]
[SourceVersion "1"]
[SourceVersionDate "2023.10.10"]
[SourceQuality "1"]

1. e4 e5 2. Nf3 Nc6 3. Nc3 Nf6 4. Be2 d6 5. d4 exd4 6. Nxd4 Nxd4 7. Qxd4 Be7 8. Be3 0-0 9. 0-0-0 Be6 10. Kb1 c6 11. e5 dxe5 12. Qxe5 Nd5 13. Ne4 Bf6 14. Qg3 Qa5 15. Bh6 Nc3+ 16. Nxc3 Bxc3 17. bxc3 Qxa2+ 18. Kc1 Qa1+ 19. Kd2 Rfd8+ 20. Bd3 Rxd3+ 21. Qxd3 Qa5 22. Ra1 Qc7 23. Qg3 Qd7+ 24. Kc1 f6 25. Rd1 Qe7 26. Be3 c5 27. Rxa7 Rxa7 28. Qb8+ Kf7 29. Qxa7 Bg4 30. Qxc5 Qxc5 31. Bxc5 Bxd1 32. Kxd1 Ke6 33. Kd2 Kd5 34. Be3 b5 35. Kd3 f5 36. g3 g6 37. h4 Ke5 38. c4 b4 39. Bc5 f4 40. Bxb4 fxg3 41. fxg3 h6 42. Bd2 h5 43. Bf4+ 1-0

[Event "Kastoria op 1st"]
[Site "Kastoria"]
[Date "1996.07.18"]
[Round "2.11"]
[White "Maggos, Theodoros"]
[Black "Seitaj, Ilir"]
[Result "0-1"]
[WhiteElo "1675"]
[BlackElo "2410"]
[PlyCount "62"]
[EventDate "1996.07.17"]
[EventType "swiss"]
[EventRounds "9"]
[EventCountry "GRE"]
[SourceTitle "EXT 2024"]
[Source "ChessBase"]
[SourceDate "2023.10.10"]
[SourceVersion "1"]
[SourceVersionDate "2023.10.10"]
[SourceQuality "1"]

1. Nf3 d5 2. c4 e6 3. e3 Nf6 4. Nc3 c5 5. b3 Nc6 6. d4 a6 7. Be2 Bd6 8. dxc5 Bxc5 9. 0-0 0-0 10. Bb2 Ba7 11. Qd2 dxc4 12. Qxd8 Rxd8 13. Bxc4 b5 14. Be2 Bb7 15. a3 e5 16. Rfd1 e4 17. Ne1 Na5 18. Rab1 Nxb3 19. Nxb5 Rxd1 20. Bxd1 Nd2 21. Nc3 Nxb1 22. Nxb1 Nd5 23. Bb3 Bc6 24. Be5 Rd8 25. Nc2 a5 26. Nd4 Bxd4 27. Bxd4 Nc7 28. Nc3 Rb8 29. Ba2 Rb2 30. Kf1 Nb5 31. Nxb5 Bxb5+ 0-1